Stacje, przystanki osobowe na LK62 - Statystyki

Ogólne statystyki
  • Ten quiz został rozwiązany 10 razy
  • Średni wynik to 11 z 19
Statystyki odpowiedzi
rodzaj nazwa % Poprawnych
stacja Sosnowiec Główny
100%
stacja Olkusz
78%
stacja Sławków
78%
stacja Bukowno
67%
stacja Tunel
67%
stacja Wolbrom
67%
po. Bukowno Przymiarki
56%
stacja Charsznica
56%
stacja Dąbrowa Górnicza Strzemieszyce
56%
stacja Dąbrowa Górnicza Wschodnia
56%
stacja Sosnowiec Dańdówka
56%
stacja Sosnowiec Kazimierz
56%
stacja Sosnowiec Południowy
56%
po. Gajówka
44%
po. Jaroszowiec Olkuski
44%
po. Jeżówka
44%
po. Sosnowiec Porąbka
44%
po. Zarzecze
44%
po. Chrząstowice Olkuskie
33%
Nie znaleziono quizów pasujących do podanych kryteriów
Rozkład punktacji
Procent ludzi z każdym wynikiem
Percentyl według liczby udzielonych odpowiedzi
Twoja historia wyników
Nie rozwiązałeś tego quizu